Responses for Show #7732 - Tuesday, April 3, 2018

Contestants

[<< previous game]

Jack Dickey, a journalist from New York, New York

Ashley Chapman, a history teacher from West Roxbury, Massachusetts

Daniel Carden, a newspaper reporter from Indianapolis, Indiana (whose 1-day cash winnings total $25,600)

[next game >>]

Jeopardy! Round responses

THE HOOPS DU JOUR
DOLL COLLECTING
IT'S A DISASTER!
THAT'S SO CLICHE
WHAT KIND OF TREE ARE YOU?
"H" ON THE MAP
    $200 12
LeBron James

Jack
    $200 11
an action figure

Jack
    $200 1
the Gulf of Mexico

Daniel
    $200 16
forbidden fruit

Jack
    $200 26
Cedar Point

Ashley
    $200 6
(Jack: What is Hokkaido?)

Honshu

DanielJack
    $400 13
point guard

Jack
    $400 22
an antique

Triple Stumper
    $400 2
the Black Death

Ashley
    $400 18
a snake in the grass

Daniel
    $400 27
Cypress Hill

Ashley
    $400 7
The Hague

Daniel
    $600 14
Kim Kardashian

Ashley
    $600 23
Pop!

Triple Stumper
    $600 3
Mount Vesuvius

Jack
    $600 19
heaven

Daniel
    $600 28
Maples

Ashley
    $600 8
Honduras

Daniel
    $800 15
the Memphis Grizzlies

Daniel
    $1,000 24
near mint

Jack
    $800 4
Chernobyl

Ashley
    $800 20
(Jack: What is run out of gas?)

burning the candle at both ends

Jack
Triple Stumper
    $800 29
Birchbox

Jack
    $800 9
the Hebrides

Daniel
    $1000 17
the ABA (American Basketball Association)

Jack
    $1000 25
(Alex: We have less than a minute to go now.)

porcelain

Triple Stumper
    $1000 5
Bhopal

Ashley
    $1000 21
stick to your ribs

Jack
    $1000 30
oaks

Ashley
    $1000 10
(Daniel: What is Hoboken?)

Hackensack

DanielAshley

Scores at the first commercial break (after clue 15):

Daniel Ashley Jack
$2,000 $3,800 $1,200

Scores at the end of the Jeopardy! Round:

Daniel Ashley Jack
$3,000 $6,000 $4,400

Double Jeopardy! Round responses

SHAKESPEARE IN GOV
PHYSICS GLOSSARY
WE APPRECIATE CANADIAN PERFORMERS!
OPPOSITES
LYDIA, OH LYDIA
THAT ENCYCLOPEDIA
    $400 1
Romeo and Juliet

Jack
    $400 26
acceleration

Ashley
    $400 6
Ryan Reynolds

Ashley
    $400 16
a borrower

Daniel
    $400 11
the LPGA

Jack
    $400 21
Britannica

Daniel
    $800 2
Macbeth

Daniel
    $800 27
inertia

Daniel
    $800 7
Alanis Morissette

Ashley
    $800 17
the stern

Jack
    $800 12
St. Paul

Triple Stumper
    $800 22
(Ashley: What is a floppy disk?)

CD-ROM

Ashley
Triple Stumper
    $1200 3
Henry V

Triple Stumper
    $1200 28
a daughter

Triple Stumper
    $1200 8
Shania Twain

Ashley
    $1200 18
concave and convex

Jack
    $3,500 13
Quaker

Jack
    $1200 23
World Book

Daniel
    $1600 4
National Endowment for the Arts

Jack
    $1600 29
thermonuclear

Triple Stumper
    $1600 9
Wedding Crashers

Ashley
    $1600 19
Zenith

Jack
    $1600 14
"Aloha Oe"

Ashley
    $1600 24
(Daniel: What is Pittsburgh?)

Cleveland

DanielJack
    $2000 5
(Senator Robert) Byrd

Ashley
    $2000 30
meson

Triple Stumper
    $2000 10
[Applause for Ashley running the category.]

Orphan Black

Ashley
    $4,000 20
active and passive

Jack
    $2000 15
Croesus

Jack
    $2000 25
Encarta

Daniel

Scores at the end of the Double Jeopardy! Round:

Daniel Ashley Jack
$7,000 $15,200 $21,500

[wagering suggestions for these scores]

Final Jeopardy! Round responses

AMERICAN HISTORY
(Alex: [To Daniel] Teddy Roosevelt was in that photo. He was governor of New York at the time.)
DanielWho are are the Rough Riders?
$6,987
AshleyWho are the Rough Riders?
$15,199
JackWho are the Roughriders?
$8,901
the Rough Riders

Final scores:

Daniel Ashley Jack
$13,987 $30,399 $30,401
3rd place: $1,000 2nd place: $2,000 New champion: $30,401

Game dynamics:

Coryat scores:

Daniel Ashley Jack
$7,000 $15,200 $17,000
14 R,
2 W
17 R,
1 W
19 R
(including 3 DDs),
2 W

Combined Coryat: $39,200

[game clues] [game scores] [suggest correction]

Game tape date: 2018-01-18
The J! Archive is created by fans, for fans. Scraping, republication, monetization, and malicious use prohibited; this site may use cookies and collect identifying information. See terms. The Jeopardy! game show and all elements thereof, including but not limited to copyright and trademark thereto, are the property of Jeopardy Productions, Inc. and are protected under law. This website is not affiliated with, sponsored by, or operated by Jeopardy Productions, Inc. Join the discussion at JBoard.tv.